00551nai a2200157Ia 4500003000900000008004100009022002200050022002300072040001600095245005700111260003400168310001200202362002600214521006900240856008400309IN-BaIIA211028c9999 xx s 000 0 eng d a0363-907X (Print) a1099-114X (Online) cIIA Library 0aInternational Journal Of Energy Researchh[eJournal] aNew JerseybJohn Wiley & Sons a15/year a20(1); 1996 - Present bSubscribed through National Knowledge Resource Consortium (NKRC) uhttps://onlinelibrary.wiley.com/journal/1099114xyClick Here to Access eJournal